| Tag |
First Indicator |
Second Indicator |
Subfields |
| LEADER |
00000cam a2200000 a 4500 |
| 001 |
in00001383113 |
| 005 |
20151020050726.0 |
| 008 |
970819s1997 dcua b f000 0 eng d |
| 010 |
|
|
|a gp 97070241
|
| 035 |
|
|
|a (OCoLC)37495277
|
| 035 |
|
|
|9 AHL5409AM
|
| 040 |
|
|
|d GPO
|d DLC
|d MvI
|d UtOrBLW
|
| 043 |
|
|
|a n------
|
| 074 |
|
|
|a 0766-C-03
|
| 086 |
0 |
|
|a PREX 1.2:N 82/3
|
| 110 |
1 |
|
|a United States.
|b President (1993-2001 : Clinton)
|
| 245 |
1 |
0 |
|a Study on the operation and effects of the North American Free Trade Agreement.
|
| 246 |
2 |
|
|a North American Free Trade Agreement
|
| 246 |
3 |
3 |
|a Study on the operation and effects of the NAFTA
|
| 246 |
3 |
7 |
|a Operation and effect of the NAFTA
|
| 264 |
|
1 |
|a [Washington, D.C.?] :
|b President of the U.S.,
|c [1997]
|
| 300 |
|
|
|a vii, 140 pages :
|b illustrations ;
|c 28 cm.
|
| 336 |
|
|
|a text
|b txt
|2 rdacontent
|
| 337 |
|
|
|a unmediated
|b n
|2 rdamedia
|
| 338 |
|
|
|a volume
|b nc
|2 rdacarrier
|
| 500 |
|
|
|a Shipping list number: 97-0321-P.
|
| 500 |
|
|
|a "July 1997."
|
| 504 |
|
|
|a Includes bibliographical references.
|
| 610 |
1 |
0 |
|a North American Free Trade Agreement
|d (1992 December 17)
|
| 650 |
|
0 |
|a Free trade
|z North America.
|
| 650 |
|
0 |
|a Foreign trade regulation
|z North America.
|
| 700 |
1 |
|
|a Clinton, Bill,
|d 1946-
|
| 999 |
|
|
|a MARS
|
| 999 |
f |
f |
|s 7f4cd1d6-05c8-34ee-802f-5ba0f9530bf8
|i 0f3e8345-0355-3337-bff9-99db274c9540
|t 0
|
| 952 |
f |
f |
|p normal
|a Texas A&M University
|b College Station
|c Sterling C. Evans Library
|d Evans: US Documents (Annex 5th floor)
|t 0
|e PREX 1.2:N 82/3
|h Superintendent of Documents classification
|i unmediated -- volume
|m A14821855417
|
| 998 |
f |
f |
|a PREX 1.2:N 82/3
|t 0
|l Evans: US Documents (Annex 5th floor)
|